| 000 | 00605nam a22001577a 4500 | ||
|---|---|---|---|
| 003 | macl | ||
| 005 | 20240502160100.0 | ||
| 008 | 240502b |||||||| |||| 00| 0 eng d | ||
| 040 | _cmacl | ||
| 082 | _a181 | ||
| 100 |
_aमार्शल,गोविन्दन सच्चिदानन्द _982342 |
||
| 245 | _aपतंजलि के क्रिया योग सूत्र व अन्य मर्हिष | ||
| 260 |
_aभारत _bबाबाजीज़ क्रिया याेग ट्रस्ट _c2005 |
||
| 650 |
_aयोग _936752 |
||
| 942 |
_2ddc _cHIN |
||
| 999 |
_c66816 _d66816 |
||